| 000 | 00405nam a2200169Ia 4500 | ||
|---|---|---|---|
| 008 | 230524s9999 xx 000 0 und d | ||
| 020 | _a978007040266 | ||
| 082 |
_a650.15 _bDAV |
||
| 100 | _aGordon B.Davis | ||
| 245 | 0 | _aManagement Information Systems | |
| 250 | _a2ND | ||
| 260 |
_aNEW DELHI _bTMH _c2000 |
||
| 300 | _aVIII;693 | ||
| 500 | _aQuantity Number: 21 | ||
| 650 | _aComp-Sc | ||
| 942 | _cBK | ||
| 999 |
_c15693 _d15693 |
||